000 00530nam a2200181Ia 4500
008 100921s9999 xx 000 0 und d
082 _b16270
_a823 थ 49
100 _aGalsworthy John.
245 _aThe Forsyte Saga.
260 _b---
_c1949
300 _a720
_b---
365 _b16
520 _aललित इंग्र्रजी कादंबरी.
630 _aThe Forsyte Saga.
650 _aललित इंग्र्रजी कादंबरी.
730 _aThe Forsyte Saga.
942 _cBOOK
999 _c765383
_d765380